| 000 | 00721nam a2200217 i 4500 | ||
|---|---|---|---|
| 001 | 23175 | ||
| 003 | ES-MaACL | ||
| 005 | 20231228062551.0 | ||
| 007 | t| | ||
| 008 | 021209s1948 sp ||||1| spa d | ||
| 080 | _a929 Medrano, Francisco | ||
| 100 | 1 |
_aAlonso, Dámaso, _d1898-1990 _920195 |
|
| 245 | 1 | 0 |
_aVida y obra de Medrano / _cpor Dámaso Alonso. |
| 260 |
_aMadrid : _b[s.n.], _c1948 ( _fBlass) |
||
| 300 |
_a1 v. + facsímil 1-13 ; _c25 cm. |
||
| 594 | _aPrecede a tít.: Consejo Superior de Investigaciones Científicas. Instituto Antonio de Nebrija. | ||
| 600 | 1 | 4 |
_aMedrano, Francisco de. _9166623 |
| 710 | 2 |
_aInstituto Antonio de Nebrija. _94795 |
|
| 852 | 4 |
_aES-MaACL _jP-873-bis |
|
| 999 |
_c23175 _d23175 |
||